000 00779nam a22002297a 4500
005 20240515074311.0
008 240515b |||||||| |||| 00| 0 eng d
020 _a9789384900649
040 _aIN-DiNC
_cIN-DiNC
041 _deng
082 _a301.095416
_bSOC
245 _aSocio cultural diversity in North East India/
_ced. by Nibedita Nath and others
250 _bV. 1
260 _aGuwahati:
_bAssam College Teachers Association,
_c2023.
300 _a222p.
650 _aDifferent areas of art, culture, history, health, education, geography and economic conditions of North East India
700 _aNath, Nibedita
_eEditor
700 _aMedhi, Arabinda
_eEditor
700 _aChoudhury, Ranjan
_eEditor
700 _aMaibangsa, Moromee
_eEditor
942 _2ddc
_cBK
999 _c11813
_d11813